Score 0/63 Timer 05:00
0 Plays Today
% Correct
Hour
93.6%
Hour
93.6%
Role
89.3%
Hold
87.6%
Long
87.3%
Long
87.3%
Rome
86.5%
Damp
85.8%
Does
85.7%
Poor
85.6%
Down
85.6%
Down
85.6%
Hole
83.9%
Rope
83.7%
Rope
83.7%
Rule
83.7%
Burn
83.7%
Burn
83.7%
Dong
83.6%
Lime
82.3%
Gold
82.2%
Dome
82.1%
Town
81.9%
Dawn
81%
Dame
80.9%
Pour
80.6%
Dons
80.5%
Posh
79.9%
Lone
79.2%
Push
78.8%
Jump
77.7%
Jump
77.7%
% Correct
Dump
77.7%
Pope
77.1%
Born
77.1%
Rush
75.6%
Rush
75.6%
Turn
75%
Toll
74.6%
Yawn
74.5%
Pooh
74.1%
Toon
72.5%
Dour
72.1%
Hill
71.7%
Hill
71.7%
Lomé
70.8%
Doer
70.5%
Ruse
69.1%
Corn
68.5%
Core
68.4%
Till
67.9%
Tool
67.6%
Limp
65.2%
Yarn
63.4%
Pore
62.4%
Hall
62.1%
Tarn
56.8%
Jimp
55.8%
Hare
51.5%
Hire
47.9%
Hale
47.7%
Sire
42.8%
Side
27.9%

Today's Daily Dose

Remove Ads.
Support Sporcle.
Get the best of Sporcle when you Go Orange. This ad-free experience offers more features, more stats, and more fun while also helping to support Sporcle. Thank you for becoming a member.

You're not logged in!

Compare scores with friends on all Sporcle quizzes.
OR
Log In

Show Comments

Extras

Top Quizzes Today


Score Distribution

Your Account Isn't Verified!

In order to create a playlist on Sporcle, you need to verify the email address you used during registration. Go to your Sporcle Settings to finish the process.

Report this User

Report this user for behavior that violates our Community Guidelines.

Details: